[Event "80th ARM-ch 1st League 2019"]
[Site "Yerevan"]
[Date "2019.08.26"]
[Round "8.7"]
[White "Hoghmrtsyan, Artur"]
[Black "Shahinyan, David"]
[Result "0-1"]
[WhiteElo "2317"]
[BlackElo "2452"]
[Annotator "ChessBase"]
[PlyCount "84"]
[EventDate "2019.08.18"]
[EventType "tourn"]
[EventCountry "ARM"]
[SourceTitle "playchess.com"]
[Source "ChessBase"]
[SourceQuality "1"]
[TimeControl "40/5400+30:1800+30"]

1. d4 {[%emt 0:00:00]} Nf6 {[%emt 0:00:00]} 2. Nf3 {[%emt 0:00:00]} c5 {[%emt 0:00:00]} 3. e3 {[%emt 0:03:11]} e6 {[%emt 0:03:08]} 4. Bd3 {[%emt 0:01:10]} b6 {[%emt 0:04:06]} 5. O-O {[%emt 0:00:32]} Bb7 {[%emt 0:00:01]} 6. b3 {[%emt 0:00:40]} Be7 {[%emt 0:02:10]} 7. Bb2 {[%emt 0:00:33]} d6 {[%emt 0:01:38]} 8. c4 {[%emt 0:02:20]} Nbd7 {[%emt 0:03:13]} 9. Nc3 {[%emt 0:01:59]} cxd4 {[%emt 0:01:27]} 10. exd4 {[%emt 0:03:33]} O-O {[%emt 0:00:15]} 11. Qe2 {[%emt 0:01:44]} Rc8 {[%emt 0:01:12]} 12. Rfe1 {[%emt 0:09:43]} Re8 {[%emt 0:00:46]} 13. a4 {[%emt 0:22:09]} Bf8 {[%emt 0:05:19]} 14. Ne4 {[%emt 0:14:53]} Nxe4 {[%emt 0:06:39]} 15. Bxe4 {[%emt 0:00:07]} Bxe4 {[%emt 0:00:01]} 16. Qxe4 {[%emt 0:00:07]} d5 {[%emt 0:00:00]} 17. Qe2 {[%emt 0:05:34]} dxc4 {[%emt 0:02:07]} 18. bxc4 {[%emt 0:00:05]} Qc7 {[%emt 0:00:01]} 19. Rec1 {[%emt 0:01:02]} Bd6 {[%emt 0:08:07]} 20. g3 {[%emt 0:08:49]} e5 {[%emt 0:04:38]} 21. d5 {[%emt 0:04:04]} Nc5 {[%emt 0:01:50]} 22. Ra2 {[%emt 0:04:02]} Qd7 {[%emt 0:02:12]} 23. Ba3 {[%emt 0:01:38]} Qg4 {[%emt 0:10:14]} 24. Bxc5 {[%emt 0:04:38]} Rxc5 {[%emt 0:00:05]} 25. Rb2 {[%emt 0:02:22]} Ra5 {[%emt 0:01:44]} 26. Ra2 {[%emt 0:03:31]} Bc5 {[%emt 0:01:56]} 27. Kg2 {[%emt 0:00:41]} Qd7 {[%emt 0:04:11]} 28. Ng5 {[%emt 0:01:34]} h6 {[%emt 0:03:43]} 29. Ne4 {[%emt 0:00:04]} Bd4 {[%emt 0:00:00]} 30. Qd1 {[%emt 0:01:08]} Rc8 {[%emt 0:02:18]} 31. f3 {[%emt 0:01:59]} f5 {[%emt 0:01:41]} 32. Nd2 {[%emt 0:00:28]} Be3 {[%emt 0:03:06]} 33. Rc3 {[%emt 0:00:19]} Bxd2 {[%emt 0:01:16]} 34. Qxd2 {[%emt 0:00:06]} Rxa4 {[%emt 0:00:04]} 35. Rxa4 {[%emt 0:00:05]} Qxa4 {[%emt 0:00:01]} 36. d6 {[%emt 0:00:06]} Qc6 {[%emt 0:00:23]} 37. c5 {[%emt 0:01:42]} bxc5 {[%emt 0:01:45]} 38. Qd3 {[%emt 0:01:23]} e4 {[%emt 0:05:24]} 39. Qc4+ {[%emt 0:00:12]} Kh8 {[%emt 0:00:20]} 40. fxe4 {[%emt 0:00:00]} fxe4 {[%emt 0:00:00]} 41. Qe6 {[%emt 0:03:44]} Rd8 {[%emt 0:03:42]} 42. Qe7 {[%emt 0:10:08]} e3+ {[%emt 0:01:32]} 0-1

[Event "80th ARM-ch 1st League 2019"]
[Site "Yerevan"]
[Date "2019.08.27"]
[Round "9.1"]
[White "Khojayan, Vardan"]
[Black "Harutjunyan, Gevorg"]
[Result "0-1"]
[WhiteElo "2236"]
[BlackElo "2455"]
[Annotator "TA"]
[PlyCount "76"]
[EventDate "2019.08.18"]
[EventType "tourn"]
[EventCountry "ARM"]
[SourceTitle "playchess.com"]
[Source "ChessBase"]
[SourceQuality "1"]

{[%evp 12,76,2,-8,11,16,23,26,16,0,0,0,0,-22,-17,-35,-49,-48,-36,-39,-41,-59,-53,-65,-62,-93,-64,-66,-48,-42,-23,-45,-41,-111,-98,-146,-153,-138,-143,-206,-200,-224,-188,-414,-403,-326,-157,-165,-131,-117,-106,-493,-489,-495,-494,-480,-470,-1328,-684,-29988,-29989,-29991,-29992,-29992,-29992,-29992,-29993]} 1. Nf3 d5 2. c4 d4 3. e3 Nc6 4. exd4 Nxd4 5. Nxd4 Qxd4 6. Nc3 c6 7. d3 g6 {A09: Réti Opening: 1 Nf3 d5 2 c4} (7... Nh6 8. Be2 g6 9. Be3 Qd7 10. Qd2 Nf5 11. d4 Nxe3 12. fxe3 Bh6 13. O-O O-O 14. Rf3 Qc7 15. Raf1 Bg4 16. Rg3 {½-½ (16) Rausis,I (2657)-Krejci,J (2570) Germany 2019}) 8. Be3 Qd8 9. Be2 Bg7 {White has an edge.} 10. Qd2 h5 11. O-O Nh6 12. Rfe1 $146 ({Predecessor:} 12. d4 Nf5 13. Rad1 O-O 14. d5 Nxe3 15. Qxe3 {0-1 (42) Gromark,P (2056)-Lindgren,P (2340) Vaxjo 2015}) 12... Nf5 13. Bg5 O-O 14. Bf1 f6 15. Be3 e5 16. Bc5 Rf7 17. Ne2 b6 18. Ba3 Rd7 19. Rad1 a5 20. c5 Bf8 21. Qc2 b5 $36 {[%mdl 2048] And now ...b4 would win. Black has good play.} 22. b4 (22. b3 $1 $15) 22... Kh7 $17 23. d4 axb4 ({Don't take} 23... exd4 24. Nf4 $15) 24. Bb2 Rxa2 {[%cal Rf5d4]} 25. Qb3 {[#]} (25. dxe5 $17 fxe5 26. Rxd7+ Bxd7 27. Qb3) 25... Rxb2 $1 $19 26. Qxb2 {[#]} Bxc5 $1 {[%mdl 512]} 27. Qc2 $2 (27. Rc1 {was forced.} Bxd4 28. Qxb4) (27. dxc5 Rxd1) 27... Bxd4 $1 28. Qxc6 {[#]} b3 (28... Bxf2+ $1 $19 {[%mdl 512] has better winning chances.} 29. Kxf2 Rxd1 30. Rxd1 Qxd1 31. Qxc8 b3 32. Qc7+ Ng7) 29. Rb1 Rc7 30. Qxb5 Rb7 31. Qc4 $2 {[%mdl 8192] [#]} (31. Qc6 $17 {nothing else works.}) 31... Bxf2+ $1 {[%mdl 512]} 32. Kxf2 Qb6+ 33. Nd4 Nxd4 (33... Qxd4+ $2 34. Qxd4 Nxd4 35. Ba6 $19) 34. Qxc8 (34. Qa6 $142 b2 35. Bd3) 34... Rc7 35. Qa6 {[#]} Rc2+ $1 {Black mates.} 36. Kg3 Nf5+ 37. Kh3 Qb4 {[%csl Gf5][%cal Rb4h4]} 38. Bc4 Rxc4 {Accuracy: White = 33%, Black = 63%.} 0-1

[Event "80th ARM-ch 1st League 2019"]
[Site "Yerevan"]
[Date "2019.08.27"]
[Round "9.2"]
[White "Mikaelyan, Arman"]
[Black "Hoghmrtsyan, Artur"]
[Result "1/2-1/2"]
[WhiteElo "2454"]
[BlackElo "2317"]
[Annotator "ChessBase"]
[PlyCount "129"]
[EventDate "2019.08.18"]
[EventType "tourn"]
[EventCountry "ARM"]
[SourceTitle "playchess.com"]
[Source "ChessBase"]
[SourceQuality "1"]
[TimeControl "40/5400+30:1800+30"]

1. Nf3 {[%emt 0:00:00]} Nf6 {[%emt 0:01:40]} 2. g3 {[%emt 0:00:00]} d5 {[%emt 0:00:07]} 3. Bg2 {[%emt 0:00:00]} Nbd7 {[%emt 0:01:45]} 4. O-O {[%emt 0:01:40]} e5 {[%emt 0:00:28]} 5. d3 {[%emt 0:01:39]} Bd6 {[%emt 0:04:59]} 6. Nc3 {[%emt 0:00:19]} O-O {[%emt 0:01:30]} 7. e4 {[%emt 0:00:26]} dxe4 {[%emt 0:07:30]} 8. Nxe4 {[%emt 0:01:10]} Nxe4 {[%emt 0:00:06]} 9. dxe4 {[%emt 0:00:03]} Nf6 {[%emt 0:01:26]} 10. Nh4 {[%emt 0:01:57]} Bc5 {[%emt 0:03:57]} 11. Qe2 {[%emt 0:04:15]} c6 {[%emt 0:11:43]} 12. h3 {[%emt 0:07:06]} Ne8 {[%emt 0:17:54]} 13. c3 {[%emt 0:06:48]} a5 {[%emt 0:04:33]} 14. Kh2 {[%emt 0:03:30]} g6 {[%emt 0:08:14]} 15. Be3 {[%emt 0:12:32]} Bxe3 {[%emt 0:03:54]} 16. Qxe3 {[%emt 0:01:49]} Qe7 {[%emt 0:02:00]} 17. Nf3 {[%emt 0:01:45]} Ng7 {[%emt 0:02:17]} 18. Rad1 {[%emt 0:01:37]} f6 {[%emt 0:01:51]} 19. Rd2 {[%emt 0:10:08]} Be6 {[%emt 0:00:21]} 20. Rfd1 {[%emt 0:00:10]} Rfd8 {[%emt 0:01:52]} 21. b3 {[%emt 0:03:05]} a4 {[%emt 0:05:43]} 22. c4 {[%emt 0:00:27]} Bf7 {[%emt 0:01:05]} 23. Qb6 {[%emt 0:21:29]} Rxd2 {[%emt 0:00:09]} 24. Rxd2 {[%emt 0:00:11]} Ne6 {[%emt 0:00:27]} 25. h4 {[%emt 0:04:08]} Nc5 {[%emt 0:06:38]} 26. Ne1 {[%emt 0:06:05]} axb3 {[%emt 0:01:42]} 27. axb3 {[%emt 0:00:04]} Ra3 {[%emt 0:00:35]} 28. b4 {[%emt 0:02:04]} Ne6 {[%emt 0:00:37]} 29. Nc2 {[%emt 0:01:13]} Rb3 {[%emt 0:04:09]} 30. Qa7 {[%emt 0:01:11]} Nd4 {[%emt 0:00:39]} 31. Nxd4 {[%emt 0:01:47]} exd4 {[%emt 0:00:05]} 32. Rxd4 {[%emt 0:01:00]} Rxb4 {[%emt 0:00:13]} 33. Bh3 {[%emt 0:01:09]} Rb2 {[%emt 0:00:55]} 34. Kg1 {[%emt 0:01:46]} Rb1+ {[%emt 0:00:40]} 35. Kh2 {[%emt 0:00:49]} Rb2 {[%emt 0:00:02]} 36. Rd1 {[%emt 0:01:56]} Qxe4 {[%emt 0:01:44]} 37. Bg2 {[%emt 0:00:05]} Qe2 {[%emt 0:01:09]} 38. Rd8+ {[%emt 0:00:27]} Be8 {[%emt 0:00:33]} 39. Qd4 {[%emt 0:01:24]} Kf7 {[%emt 0:00:19]} 40. Qf4 {[%emt 0:00:00]} Qe7 {[%emt 0:00:00]} 41. Rc8 {[%emt 0:03:46]} Qe5 {[%emt 0:08:58]} 42. Qf3 {[%emt 0:07:48]} Bd7 {[%emt 0:02:49]} 43. Rd8 {[%emt 0:01:31]} Qe7 {[%emt 0:00:44]} 44. Rb8 {[%emt 0:00:51]} Kg7 {[%emt 0:05:39]} 45. Qd1 {[%emt 0:10:45]} Be6 {[%emt 0:10:37]} 46. Qd4 {[%emt 0:00:41]} Rb4 {[%emt 0:00:40]} 47. Qe3 {[%emt 0:01:30]} Qd6 {[%emt 0:03:45]} 48. Qa7 {[%emt 0:02:15]} Qc7 {[%emt 0:00:47]} 49. Re8 {[%emt 0:01:33]} Bf7 {[%emt 0:00:48]} 50. Qc5 {[%emt 0:01:11]} Bxe8 {[%emt 0:00:06]} 51. Qxb4 {[%emt 0:00:02]} Bf7 {[%emt 0:00:36]} 52. c5 {[%emt 0:00:21]} Qe7 {[%emt 0:00:40]} 53. Qd4 {[%emt 0:01:09]} Qe2 {[%emt 0:01:47]} 54. Qd7 {[%emt 0:01:27]} Qb2 {[%emt 0:01:37]} 55. Kg1 {[%emt 0:00:38]} f5 {[%emt 0:00:37]} 56. h5 {[%emt 0:00:59]} Qc1+ {[%emt 0:00:24]} 57. Kh2 {[%emt 0:00:13]} Qxc5 {[%emt 0:01:18]} 58. h6+ {[%emt 0:00:48]} Kg8 {[%emt 0:00:13]} 59. Qxb7 {[%emt 0:00:25]} Qf8 {[%emt 0:00:05]} 60. Qxc6 {[%emt 0:00:15]} Qxh6+ {[%emt 0:00:05]} 61. Kg1 {[%emt 0:00:02]} Qd2 {[%emt 0:00:38]} 62. Qa8+ {[%emt 0:00:04]} Kg7 {[%emt 0:00:08]} 63. Qa1+ {[%emt 0:00:02]} Kh6 {[%emt 0:00:47]} 64. Qf6 {[%emt 0:00:11]} Qe1+ {[%emt 0:01:36]} 65. Kh2 {[%emt 0:00:09]} 1/2-1/2

[Event "80th ARM-ch 1st League 2019"]
[Site "Yerevan"]
[Date "2019.08.27"]
[Round "9.3"]
[White "Torosyan, Norayr"]
[Black "Gharibyan, Mamikon"]
[Result "1/2-1/2"]
[WhiteElo "2365"]
[BlackElo "2365"]
[Annotator "NA"]
[PlyCount "91"]
[EventDate "2019.08.18"]
[EventType "tourn"]
[EventCountry "ARM"]
[SourceTitle "playchess.com"]
[Source "ChessBase"]
[SourceQuality "1"]
[TimeControl "40/5400+30:1800+30"]

1. e4 {[%emt 0:00:01]} e5 {[%emt 0:00:00]} 2. Nf3 {[%emt 0:00:39]} Nc6 {[%emt 0:00:17]} 3. d4 {[%emt 0:00:04]} exd4 {[%emt 0:00:12]} 4. Nxd4 {[%emt 0:00:04]} Nf6 {[%emt 0:00:09]} 5. Nc3 {[%emt 0:02:02]} Bb4 {[%emt 0:00:47]} 6. Nxc6 {[%emt 0:00:10]} bxc6 {[%emt 0:00:07]} 7. Bd3 {[%emt 0:00:03]} O-O {[%emt 0:05:18]} 8. O-O {[%emt 0:00:13]} Re8 {[%emt 0:03:50]} 9. Bg5 {[%emt 0:08:29]} h6 {[%emt 0:02:36]} 10. Bh4 {[%emt 0:00:04]} Be7 {[%emt 0:03:11]} 11. Re1 $146 {[%emt 0:14:33] C47: Scotch Four Knights and Four Knights with 4 g3} (11. e5 Nd5 12. Bxe7 Qxe7 13. Qd2 Qb4 14. Rae1 Qf4 15. Qd1 Nxc3 16. bxc3 d5 17. exd6 Bg4 18. Rxe8+ Rxe8 {½-½ (49) Nepomniachtchi,I (2705)-Dominguez Perez,L (2732) Berlin 2015}) 11... Rb8 {[%emt 0:08:28]} 12. Rb1 {[%emt 0:02:11]} d6 {[%emt 0:03:25]} 13. f4 {[%emt 0:03:46]} d5 {[%emt 0:17:58]} 14. Bxf6 {[%emt 0:06:44]} Bxf6 {[%emt 0:01:46]} 15. e5 {[%emt 0:00:19]} Be7 {[%emt 0:01:52]} 16. Qh5 {[%emt 0:01:55]} Bc5+ {[%emt 0:03:56]} 17. Kh1 {[%emt 0:00:30]} Bf2 {[%emt 0:06:43]} 18. Re2 {[%emt 0:16:33]} Qh4 {[%emt 0:00:54]} 19. Qxh4 {[%emt 0:00:19]} Bxh4 {[%emt 0:00:01]} 20. f5 {[%emt 0:00:12]} Be7 {[%emt 0:02:55]} 21. b3 {[%emt 0:02:19]} Rb4 {[%emt 0:08:19]} 22. Rf1 {[%emt 0:02:22]} Kf8 $11 {[%emt 0:08:06]} 23. g3 {[%emt 0:06:03]} Bb7 {[%emt 0:04:06]} 24. h3 {[%emt 0:12:07]} Ba8 {[%emt 0:04:47]} 25. Kh2 {[%emt 0:05:38]} h5 {[%emt 0:03:52]} 26. Na4 {[%emt 0:13:38]} Rd4 {[%emt 0:05:39]} 27. Rf3 {[%emt 0:01:41]} Rb4 {[%emt 0:02:13]} 28. c3 {[%emt 0:00:29]} Rbb8 {[%emt 0:00:12]} 29. Rf1 {[%emt 0:00:44]} f6 {[%emt 0:01:35]} 30. e6 {[%emt 0:00:04]} Bd6 {[%emt 0:00:11]} 31. h4 {[%emt 0:00:04]} c5 {[%emt 0:01:01]} 32. c4 {[%emt 0:00:06]} dxc4 {[%emt 0:00:46]} 33. Bxc4 {[%emt 0:00:04]} Bc6 {[%emt 0:00:31]} 34. Nb2 {[%emt 0:00:28]} Ke7 {[%emt 0:00:37]} 35. Nd3 {[%emt 0:01:01]} Rbd8 {[%emt 0:00:09]} 36. Kh3 {[%emt 0:01:41]} Rg8 {[%emt 0:00:45]} 37. Nf4 Bxf4 {[%emt 0:00:10]} 38. Rxf4 {[%emt 0:00:56]} g5 {[%emt 0:00:38]} 39. fxg6 {[%emt 0:00:06]} Rxg6 {[%emt 0:00:02]} 40. Rf5 {[%emt 0:00:00]} Rd1 {[%emt 0:00:00]} 41. Rxh5 {[%emt 0:10:07]} Rh1+ {[%emt 0:05:34]} 42. Rh2 {[%emt 0:01:01]} Rg1 {[%emt 0:00:20]} 43. Rh7+ {[%emt 0:01:27]} Ke8 {[%emt 0:00:55]} 44. Rh8+ {[%emt 0:00:48]} Ke7 {[%emt 0:00:09]} 45. Rh7+ {[%emt 0:00:15]} Ke8 {[%emt 0:00:43]} 46. Rh8+ {[%emt 0:02:32]} 1/2-1/2

[Event "80th ARM-ch 1st League 2019"]
[Site "Yerevan"]
[Date "2019.08.27"]
[Round "9.4"]
[White "Sargsyan, Shant"]
[Black "Davtyan, Artur"]
[Result "1-0"]
[WhiteElo "2540"]
[BlackElo "2440"]
[Annotator "TA"]
[PlyCount "71"]
[EventDate "2019.08.18"]
[EventType "tourn"]
[EventCountry "ARM"]
[SourceTitle "playchess.com"]
[Source "ChessBase"]
[SourceQuality "1"]

{[%evp 11,71,-3,0,-11,0,3,29,17,27,13,29,6,178,160,162,158,164,164,187,173,225,231,333,340,344,363,354,385,384,373,387,382,492,468,476,485,583,587,614,534,510,350,972,522,605,293,1247,1235,1761,1172,1836,1925,1157,847,1329,990,5489,1698,29990,29991,29994,29995]} 1. e4 e5 2. Nf3 Nc6 3. d4 exd4 4. Nxd4 Bc5 5. Nb3 Bb6 6. Nc3 Nf6 7. Qe2 {C45: Scotch Game} O-O 8. Be3 (8. Bg5 Nd4 9. Qd2 Nxb3 10. axb3 h6 11. Be3 Bxe3 12. Qxe3 d5 13. O-O-O c6 14. exd5 cxd5 {1-0 (40) Amin,B (2686)-Safarli,E (2676) Hoogeveen 2018}) 8... Bxe3 9. Qxe3 {White has an edge.} a5 10. a4 d5 $146 {White must now prevent ...d4.} ({Predecessor:} 10... Nb4 11. O-O-O d5 12. exd5 Bf5 13. Nd4 Nbxd5 14. Nxf5 Nxe3 15. Rxd8 Nxf5 16. Rxa8 Rxa8 {½-½ (40) Kopylov,D (2244)-Engel,L (2421) Willingen 2018}) 11. O-O-O $1 {[%cal Rc3d5]} d4 $2 (11... Nb4 $1 $11) 12. Nxd4 $18 Qe7 13. f3 Bd7 14. g4 Nb4 15. Qf4 Qc5 (15... Be6 {was called for.} 16. Qe5 Nc6 17. Nxc6 bxc6) 16. h4 Rad8 (16... Be6 {keeps fighting.} 17. Qg5 Qb6) 17. Nb3 Qb6 18. e5 Bxa4 19. Rxd8 ({Not} 19. Nxa4 Na2+ 20. Kb1 Rxd1+ 21. Kxa2 Nd5 $11) ({But not} 19. exf6 Rxd1+ 20. Nxd1 Bxb3 $18) 19... Rxd8 20. exf6 ({Weaker is} 20. Nxa4 Qf2 $11) 20... Bxb3 21. cxb3 Qc6 {intending ...Na2+.} 22. Bc4 b5 {[#]} 23. Qg5 $1 {[%csl Gf6][%cal Rg5g7]} g6 24. Qxb5 Qxf3 25. Re1 {Re8+ would kill now.} Qxf6 26. Qg5 Qd4 $2 (26... Nd3+ 27. Bxd3 Qxg5+ 28. hxg5 Rxd3) 27. Rf1 Rd7 28. Qf4 (28. h5 $142) 28... Qg7 $2 (28... Nd3+ 29. Bxd3 Qxf4+ 30. Rxf4 Rxd3) 29. Ne4 Kh8 30. Nf6 Rd8 31. Qxc7 {[%mdl 64] [#] Double Attack} Qf8 32. Qe5 {Intending Nh5+ and mate.} Nc6 33. Qe3 Nd4 34. Kb1 Qg7 35. Ne8 Qf8 36. Qe5+ {[%mdl 64] Double Attack. Accuracy: White = 63%, Black = 16%.} 1-0

[Event "80th ARM-ch 1st League 2019"]
[Site "Yerevan"]
[Date "2019.08.27"]
[Round "9.5"]
[White "Baghdasaryan, Vahe"]
[Black "Chaqryan, Erik"]
[Result "1/2-1/2"]
[WhiteElo "2373"]
[BlackElo "2105"]
[Annotator "NA"]
[PlyCount "128"]
[EventDate "2019.08.18"]
[EventType "tourn"]
[EventCountry "ARM"]
[SourceTitle "playchess.com"]
[Source "ChessBase"]
[SourceQuality "1"]
[TimeControl "40/5400+30:1800+30"]

1. Nf3 {[%emt 0:00:00]} Nf6 {[%emt 0:00:40]} 2. c4 {[%emt 0:00:15]} g6 {[%emt 0:00:44]} 3. Nc3 {[%emt 0:00:13]} Bg7 {[%emt 0:00:21]} 4. g3 {[%emt 0:01:48]} O-O {[%emt 0:00:41]} 5. e4 {[%emt 0:03:28]} e5 {[%emt 0:03:19]} 6. Bg2 {[%emt 0:06:23]} Nc6 {[%emt 0:01:40]} 7. d3 {[%emt 0:00:47]} d6 {[%emt 0:00:17]} 8. O-O {[%emt 0:02:50]} Bg4 {[%emt 0:01:15]} 9. h3 {[%emt 0:00:51] A26: English Opening vs King's Indian with ...Nc6 and d3} Bxf3 {[%emt 0:00:14]} 10. Bxf3 {[%emt 0:00:03]} Nd7 {[%emt 0:01:44]} 11. Bg2 {[%emt 0:00:16]} Nc5 {[%emt 0:05:53]} (11... Nd4 12. Be3 c6 13. Qd2 a5 14. Bxd4 exd4 15. Ne2 {½-½ (15) Strzemiecki,Z (2361)-Sevostianov,P (2302) Chervonograd 2014}) 12. a3 {[%emt 0:10:29]} a5 $146 {[%emt 0:02:49]} ({Predecessor:} 12... Nd4 13. b4 Ncb3 14. Rb1 Nxc1 15. Rxc1 h5 16. Ne2 Bh6 17. Rb1 Nxe2+ 18. Qxe2 h4 19. Qg4 hxg3 20. fxg3 Qg5 {½-½ (20) Weller,M (2023)-Thieme Garmann,A (2148) Hoeheinoed 2008}) 13. f4 {[%emt 0:02:49]} exf4 {[%emt 0:04:07]} 14. Bxf4 {[%emt 0:00:13]} Nd4 {[%emt 0:02:19]} 15. Rb1 {[%emt 0:00:34]} a4 {[%emt 0:08:07]} 16. Kh2 {[%emt 0:04:44]} c6 {[%emt 0:10:07]} 17. Qd2 {[%emt 0:02:42]} Be5 {[%emt 0:02:42]} 18. Rbd1 {[%emt 0:05:21]} Qe7 {[%emt 0:08:50]} 19. Bg5 {[%emt 0:05:00]} f6 {[%emt 0:02:17]} 20. Bh6 {[%emt 0:01:01]} Rf7 {[%emt 0:13:34]} 21. Be3 {[%emt 0:01:04]} Ncb3 {[%emt 0:02:07]} 22. Qf2 {[%emt 0:08:35]} h5 $17 {[%emt 0:03:26]} 23. h4 {[%emt 0:15:16]} Rg7 {[%emt 0:03:45]} 24. Bh6 {[%emt 0:06:43]} Rh7 {[%emt 0:01:04]} 25. Bf4 {[%emt 0:00:07]} Rf7 {[%emt 0:03:53]} 26. Bh3 {[%emt 0:02:04]} Kf8 {[%emt 0:05:49]} 27. Kh1 {[%emt 0:02:04]} Ke8 {[%emt 0:00:52]} 28. Be3 {[%emt 0:01:04]} Kd8 {[%emt 0:02:10]} 29. Na2 {[%emt 0:06:42]} Kc7 {[%emt 0:03:49]} 30. Nc1 {[%emt 0:00:14]} Nxc1 {[%emt 0:00:40]} 31. Bxd4 {[%emt 0:00:15]} Bxd4 {[%emt 0:00:30]} 32. Qxd4 {[%emt 0:00:08]} Nb3 {[%emt 0:00:01]} 33. Qe3 {[%emt 0:05:36]} c5 {[%emt 0:00:25]} 34. Qh6 {[%emt 0:00:32]} Rg8 {[%emt 0:00:32]} 35. Rf2 {[%emt 0:00:53]} Nd4 {[%emt 0:05:00]} 36. Rdf1 {[%emt 0:00:08]} Kb8 {[%emt 0:00:45]} 37. Bg2 {[%emt 0:04:00]} Qe5 {[%emt 0:00:56]} 38. Kh2 {[%emt 0:00:07]} b6 {[%emt 0:01:02]} 39. Qf4 {[%emt 0:01:23]} Rgf8 {[%emt 0:00:21]} 40. Bh3 {[%emt 0:00:00]} Ka8 {[%emt 0:00:00]} 41. Qh6 {[%emt 0:11:09]} Rg8 {[%emt 0:02:53]} 42. Bg2 {[%emt 0:03:52]} Kb8 {[%emt 0:06:27]} 43. Qe3 {[%emt 0:04:08]} Rh8 {[%emt 0:10:25]} 44. Qf4 {[%emt 0:01:09]} Rhf8 {[%emt 0:01:40]} 45. Bh3 {[%emt 0:00:42]} Ka8 {[%emt 0:00:48]} 46. Qh6 {[%emt 0:02:08]} Rg8 {[%emt 0:00:04]} 47. Rg1 {[%emt 0:00:16]} Rfg7 {[%emt 0:06:58]} 48. Kh1 {[%emt 0:06:59]} g5 {[%emt 0:02:19]} 49. Qxh5 {[%emt 0:02:08]} gxh4 {[%emt 0:00:43]} 50. Qxh4 {[%emt 0:00:05]} Rxg3 {[%emt 0:01:08]} 51. Rxg3 {[%emt 0:00:11]} Qxg3 {[%emt 0:00:15]} 52. Qxg3 {[%emt 0:00:05]} Rxg3 {[%emt 0:00:03]} 53. Bg2 {[%emt 0:00:09]} Kb8 {[%emt 0:00:46]} 54. Rxf6 {[%emt 0:02:24]} Rxd3 {[%emt 0:00:17]} 55. e5 {[%emt 0:01:39]} dxe5 {[%emt 0:00:22]} 56. Rxb6+ {[%emt 0:00:08]} Kc7 {[%emt 0:00:38]} 57. Rb7+ {[%emt 0:00:24]} Kd6 {[%emt 0:00:38]} 58. Bd5 {[%emt 0:00:27]} Rd2 {[%emt 0:01:23]} 59. Kg1 {[%emt 0:01:49]} Re2 {[%emt 0:00:47]} 60. Rb6+ {[%emt 0:00:56]} Kc7 {[%emt 0:00:06]} 61. Rb7+ {[%emt 0:00:49]} Kd6 {[%emt 0:00:05]} 62. Rb6+ {[%emt 0:01:47]} Kc7 {[%emt 0:00:05]} 63. Rb7+ {[%emt 0:00:47]} Kd6 {[%emt 0:00:05]} 64. Rb6+ {[%emt 0:00:22]} Ke7 1/2-1/2

[Event "80th ARM-ch 1st League 2019"]
[Site "Yerevan"]
[Date "2019.08.27"]
[Round "9.6"]
[White "Shahinyan, David"]
[Black "Harutyunian, Tigran K."]
[Result "0-1"]
[WhiteElo "2452"]
[BlackElo "2555"]
[Annotator "TA"]
[PlyCount "60"]
[EventDate "2019.08.18"]
[EventType "tourn"]
[EventCountry "ARM"]
[SourceTitle "playchess.com"]
[Source "ChessBase"]
[SourceQuality "1"]

{[%evp 9,60,-2,-12,-2,7,-5,6,0,25,9,20,10,11,2,33,0,0,0,0,-25,-14,-36,-39,-71,-45,-95,-99,-91,-94,-70,-80,-66,-79,-156,-145,-196,-179,-188,-187,-342,-335,-339,-261,-493,-493,-489,-497,-529,-522,-1347,-1347,-1598,-1566]} 1. e4 e5 2. Nf3 Nc6 3. Be2 Nf6 4. d3 g6 5. O-O Bg7 6. c3 {C44: Ponziani Opening and Scotch Gambit} O-O 7. Nbd2 (7. b4 a6 8. Nbd2 Re8 9. Bb2 d5 10. a4 Bg4 11. b5 Na5 12. h3 Bxf3 13. Bxf3 dxe4 14. dxe4 {½-½ (74) Movsesian,S (2653)-Wang,Y (2718) Huaian 2016}) 7... d5 8. b4 {[%cal Bb2b4,Bb4b5][%mdl 32] The position is equal.} a6 9. a4 b6 10. Bb2 Re8 11. Re1 $146 ({Predecessor:} 11. b5 axb5 12. axb5 Rxa1 13. Qxa1 Na5 {1-0 (33) Kunin,V (2557)-Basso,P (2516) Ferreira do Alentejo 2018}) 11... Bb7 12. Qb1 a5 13. b5 Nb8 14. Bf1 Nbd7 15. Nb3 c6 16. exd5 Nxd5 17. d4 {[#]} cxb5 $1 18. axb5 Nf4 {Threatens to win with ...e4.} 19. Nbd2 exd4 20. Rxe8+ Qxe8 21. Nxd4 (21. cxd4 $142 Qe6 22. h3) 21... Rc8 {[%cal Ba8c8,Bc8c6,Bc6d6][%mdl 32]} 22. Nc6 (22. c4 $17) 22... Bxc6 23. bxc6 Rxc6 24. Ra4 $2 (24. Qe4 {keeps fighting.} Qxe4 25. Nxe4) 24... Ne2+ $19 {[%mdl 64] [#] Double Attack} 25. Kh1 {aiming for Re4.} Nxc3 26. Qa1 $2 (26. Bxc3 Rxc3 27. Ne4) 26... Nxa4 {Black is clearly winning.} 27. Bxg7 Nac5 28. Bb5 Rd6 29. h3 Rxd2 30. Bh6 Qe5 {Accuracy: White = 16%, Black = 58%.} 0-1